Programujeme webové aplikace pomocí PHP a MySQL

Salvato in:
Dettagli Bibliografici
Autore principale: Williams, Hugh E.
Altri autori: Lane, David
Natura: Libro
Lingua:ceco
Pubblicazione: Praha Computer Press 2002
Serie:Podrobný průvodce tvůrce www stránek
Soggetti:
Tags: Aggiungi Tag
Nessun Tag, puoi essere il primo ad aggiungerne!!

MARC

LEADER 00000nam$a2200000$$$4500
001 0023312
005 20221129101148.1
020 |a 80-7226-760-4 
041 0 |a cze 
044 |a CZ 
245 1 0 |a Programujeme webové aplikace pomocí PHP a MySQL  |c Hugh E. Williams, David Lane 
264 1 |a Praha  |b Computer Press  |c 2002 
300 |a 530 s. 
490 1 |a Podrobný průvodce tvůrce www stránek 
830 0 |a Podrobný průvodce tvůrce www stránek 
610 2 0 |a programovanie 
610 2 0 |a softvér 
610 2 0 |a báza dát 
610 2 0 |a systémy databázové 
610 2 0 |a PHP 
610 2 0 |a MySQL 
100 1 |a Williams, Hugh E. 
700 1 |a Lane, David